| 000 | 00515nam a2200181Ia 4500 | ||
|---|---|---|---|
| 008 | 090124s9999 xx 000 0 und d | ||
| 082 | _b106475 | ||
| 100 | _aरावल रामसिंह | ||
| 245 | _a ये थे नेताजी | ||
| 250 | _a2 | ||
| 260 | _c1957 | ||
| 300 | _a32 | ||
| 600 | _aरावल रामसिंह | ||
| 630 | _a ये थे नेताजी | ||
| 700 | _aरावल रामसिंह | ||
| 730 | _a ये थे नेताजी | ||
| 942 | _cBOOK | ||
| 999 |
_c152566 _d152566 |
||